[Event "Rated Blitz game"]
[Site "?"]
[Date "2021.10.06"]
[Round "?"]
[White "IndioBrasileiro"]
[Black "alaeldin12"]
[Result "1-0"]
[WhiteElo "2419"]
[BlackElo "2339"]
[PlyCount "75"]
[EventDate "2021.??.??"]
[EventType "blitz"]

1. e4 e5 2. Nf3 d5 3. Nxe5 Bd6 4. d4 dxe4 5. Bc4 Bxe5 6. dxe5 Qxd1+ 7. Kxd1 Nc6
8. Bf4 Nge7 9. Bb5 Bg4+ 10. Ke1 O-O-O 11. Nd2 Nd4 12. Ba4 c5 13. c3 Ne6 14. Bg3
h5 15. h3 Bf5 16. Nc4 Kc7 17. Nd6 h4 18. Bh2 Bg6 19. Bc2 e3 20. Bxg6 exf2+ 21.
Ke2 Nxg6 22. Nxf7 Nef4+ 23. Bxf4 Nxf4+ 24. Kxf2 Rhf8 25. Nxd8 Kxd8 26. Rhd1+
Ke7 27. Kg1 Rf5 28. Kh2 c4 29. Rd2 Ke6 30. Re1 Nd3 31. Re4 b5 32. Rxh4 Rxe5 33.
b3 Kd5 34. bxc4+ bxc4 35. Rd4+ Kc5 36. Rd7 Rg5 37. Rxa7 Kd5 38. Ra5+ {Time
forfeit} 1-0

[Event "Rated Blitz game"]
[Site "?"]
[Date "2021.10.06"]
[Round "?"]
[White "Lopez09"]
[Black "RCompany_1"]
[Result "1-0"]
[WhiteElo "2592"]
[BlackElo "2458"]
[PlyCount "129"]
[EventDate "2021.??.??"]
[EventType "blitz"]

1. e4 e5 2. Nf3 d5 3. exd5 e4 4. Ne5 Qxd5 5. d4 exd3 6. Nxd3 Nc6 7. Nc3 Qa5 8.
Bd2 Bf5 9. Qe2+ Be7 10. O-O-O O-O-O 11. Kb1 Nd4 12. Qe1 Be6 13. Nf4 Bf5 14. Bd3
Bxd3 15. Nxd3 Bd6 16. Ne4 Qa4 17. b3 Qc6 18. Bc3 Ba3 19. Ne5 Qe6 20. Bxd4 Rxd4
21. Rxd4 Qxe5 22. Qc3 Nf6 23. Nxf6 Qxf6 24. Rhd1 Kb8 25. Qd2 Bd6 26. g3 b6 27.
f4 a5 28. a4 Ka7 29. Rxd6 cxd6 30. Qxd6 Qxd6 31. Rxd6 Rf8 32. Rd7+ Ka6 33. Kb2
g6 34. g4 h6 35. h4 h5 36. gxh5 gxh5 37. Rd5 Rh8 38. Rf5 Rh7 39. Kc3 Kb7 40.
Kc4 Kc6 41. Rf6+ Kc7 42. Kb5 Rg7 43. Rc6+ Kd7 44. Rh6 Rg4 45. Rxh5 Rxf4 46.
Kxb6 Rf2 47. c4 Rb2 48. Rb5 f5 49. Rxf5 Rxb3+ 50. Kxa5 Rc3 51. Kb4 Rh3 52. Rd5+
Ke6 53. h5 Rh4 54. Rb5 Kd6 55. a5 Kc7 56. a6 Rh1 57. Rb7+ Kc6 58. Rb5 Ra1 59.
Kc3 Rxa6 60. h6 Ra3+ 61. Kb4 Rh3 62. Ra5 Kb7 63. Rb5+ Ka6 64. Ra5+ Kb6 65. Rb5+
{Time forfeit} 1-0

[Event "Rated Blitz game"]
[Site "?"]
[Date "2021.10.06"]
[Round "?"]
[White "hg1355"]
[Black "Kiridima123"]
[Result "1-0"]
[WhiteElo "2261"]
[BlackElo "2430"]
[PlyCount "45"]
[EventDate "2021.??.??"]
[EventType "blitz"]

1. e4 e5 2. Nf3 d5 3. exd5 e4 4. Qe2 Nf6 5. d3 Be7 6. dxe4 O-O 7. Nc3 Re8 8.
Bg5 Nxe4 9. Nxe4 Bxg5 10. Nfxg5 h6 11. Nf3 Qxd5 12. Nfd2 Be6 13. Nc3 Qg5 14.
O-O-O Nc6 15. Qb5 Qf4 16. Bd3 Nd4 17. Qxb7 Rab8 18. Qe4 Qf6 19. Nf3 c5 20. Qh7+
Kf8 21. Rhe1 Rxb2 22. Nd5 Bxd5 23. Qh8# {Normal} 1-0

[Event "Rated Rapid game"]
[Site "?"]
[Date "2021.10.06"]
[Round "?"]
[White "Antrenor64"]
[Black "Dr_Lenk"]
[Result "1-0"]
[WhiteElo "2415"]
[BlackElo "2306"]
[PlyCount "49"]
[EventDate "2021.??.??"]
[EventType "rapid"]

1. e4 e5 2. Nf3 d5 3. exd5 e4 4. Qe2 Nf6 5. d3 Qxd5 6. dxe4 Qxe4 7. Nc3 Qxe2+
8. Bxe2 Bf5 9. Bf4 Bd6 10. Bxd6 cxd6 11. O-O-O Nc6 12. Rxd6 O-O 13. Nd4 Nxd4
14. Rxd4 Rac8 15. Bd3 Be6 16. f3 Nd7 17. Be4 Nc5 18. Bd5 Bf5 19. Ne4 Rfe8 20.
Nd6 Ne6 21. Rd2 Nc5 22. Nxf5 Re5 23. Ng3 Re3 24. Rhd1 Nd3+ 25. Rxd3 {Normal}
1-0

[Event "Rated Blitz game"]
[Site "?"]
[Date "2021.10.06"]
[Round "?"]
[White "Piokosa"]
[Black "GoughPhar"]
[Result "0-1"]
[WhiteElo "2382"]
[BlackElo "2464"]
[PlyCount "68"]
[EventDate "2021.??.??"]
[EventType "blitz"]

1. e4 e5 2. Nf3 d5 3. Nxe5 Bd6 4. d4 dxe4 5. Be3 Bxe5 6. dxe5 Qxd1+ 7. Kxd1 Nc6
8. Nc3 Bg4+ 9. Be2 O-O-O+ 10. Ke1 Bxe2 11. Kxe2 Nxe5 12. Nxe4 Ne7 13. Rad1 Nd5
14. Rhe1 Nxe3 15. fxe3 f6 16. Rxd8+ Rxd8 17. b3 b6 18. Rd1 Rxd1 19. Kxd1 Ng4
20. Ke2 Nxh2 21. Ng3 g6 22. Ne4 f5 23. Ng5 h6 24. Nf7 Ng4 25. Kf3 Kd7 26. e4
Ke7 27. Nh8 Kf6 28. Kf4 Kg7 29. exf5 gxf5 30. Kxf5 Ne3+ 31. Ke4 Nxg2 32. Kd5
Ne3+ 33. Kc6 Nxc2 34. Kxc7 Kxh8 {Normal} 0-1

[Event "Rated Blitz tournament AGTgVD9c"]
[Site "?"]
[Date "2021.10.06"]
[Round "?"]
[White "Sasuke_Sakti_CSS"]
[Black "KillJoy_BKD"]
[Result "0-1"]
[WhiteElo "2485"]
[BlackElo "2346"]
[PlyCount "54"]
[EventDate "2021.??.??"]
[EventType "blitz"]

1. e4 e5 2. Nf3 d5 3. Nxe5 Bd6 4. d4 dxe4 5. Bf4 Nf6 6. Bc4 O-O 7. O-O Nbd7 8.
Nc3 Qe7 9. Re1 Nxe5 10. dxe5 Bxe5 11. Bg5 Bf5 12. Nd5 Qc5 13. Bxf6 gxf6 14. Bb3
Rad8 15. Qh5 Rxd5 16. Bxd5 Qxd5 17. Rad1 Qe6 18. Qh6 Bg6 19. c3 Qg4 20. h3 Qe6
21. Qe3 b6 22. Qd2 f5 23. Qd5 Qf6 24. f3 Bd6 25. fxe4 fxe4 26. Rf1 Qh4 27. Qd4
Bc5 {Normal} 0-1

[Event "Rated Blitz game"]
[Site "?"]
[Date "2021.10.06"]
[Round "?"]
[White "sergunFM"]
[Black "jeruchess"]
[Result "0-1"]
[WhiteElo "2440"]
[BlackElo "2417"]
[PlyCount "24"]
[EventDate "2021.??.??"]
[EventType "blitz"]

1. e4 e5 2. Nf3 d5 3. Qe2 Nf6 4. Nxe5 dxe4 5. Nc3 Be7 6. Nxe4 O-O 7. Nxf6+ Bxf6
8. f4 Re8 9. c3 c5 10. d3 Nc6 11. Be3 Nxe5 12. fxe5 Rxe5 {Normal} 0-1

[Event "Rated Blitz game"]
[Site "?"]
[Date "2021.10.06"]
[Round "?"]
[White "Davigator"]
[Black "Benny_Watts_2005"]
[Result "0-1"]
[WhiteElo "2442"]
[BlackElo "2440"]
[PlyCount "84"]
[EventDate "2021.??.??"]
[EventType "blitz"]

1. e4 e5 2. Nf3 d5 3. Nxe5 Bd6 4. d4 dxe4 5. Nc4 Nc6 6. Nxd6+ Qxd6 7. Be3 Nf6
8. c3 Bg4 9. Qb3 O-O 10. a4 Rfd8 11. a5 b6 12. axb6 axb6 13. Rxa8 Rxa8 14. Bb5
Na5 15. Qc2 c6 16. Be2 Bxe2 17. Qxe2 Nb3 18. O-O c5 19. dxc5 bxc5 20. Rd1 Qe7
21. Bg5 Re8 22. Qb5 Qe6 23. Bxf6 gxf6 24. Re1 f5 25. g3 c4 26. Na3 Nd2 27. Re2
Rd8 28. Kg2 Rd5 29. Qb8+ Kg7 30. Qf4 Nf3 31. Nxc4 Rd1 32. h4 Rg1+ 33. Kh3 Rh1+
34. Kg2 Rh2+ 35. Kf1 Qxc4 36. Qxf5 Rh1+ 37. Kg2 Rg1+ 38. Kh3 Qxe2 39. Qg4+ Kf6
40. Qf4+ Ke6 41. Qg4+ Kd5 42. Qf5+ Ne5 {Normal} 0-1

[Event "Rated Blitz game"]
[Site "?"]
[Date "2021.10.06"]
[Round "?"]
[White "Medalhista"]
[Black "Pepiton61"]
[Result "1-0"]
[WhiteElo "2434"]
[BlackElo "2306"]
[PlyCount "109"]
[EventDate "2021.??.??"]
[EventType "blitz"]

1. e4 e5 2. Nf3 d5 3. exd5 e4 4. Qe2 Nf6 5. d3 Qxd5 6. Nbd2 Be7 7. dxe4 Qd8 8.
e5 Nd5 9. Ne4 O-O 10. Bd2 c6 11. O-O-O Qb6 12. Nc3 Be6 13. Nxd5 Bxd5 14. Kb1
Na6 15. Nd4 Qxd4 16. Bc3 Qb6 17. b3 Nb4 18. f4 a5 19. a4 Be6 20. g4 Rfd8 21.
Bg2 Rxd1+ 22. Rxd1 Rd8 23. f5 Rxd1+ 24. Qxd1 Bd5 25. Bxb4 Bxb4 26. Bxd5 cxd5
27. Qxd5 h6 28. e6 fxe6 29. fxe6 Be7 30. h4 Qg1+ 31. Ka2 Qxg4 32. Qxb7 Qxh4 33.
Qa8+ Kh7 34. Qxa5 Qe4 35. Qc7 Bf6 36. Ka3 Qxe6 37. a5 Be7+ 38. b4 Qe4 39. c3
Bf6 40. Kb3 Qd5+ 41. Ka3 Qd3 42. Kb3 Qb1+ 43. Kc4 Qc2 44. Kb5 Bxc3 45. a6 Qd3+
46. Ka4 Bd4 47. b5 Qd1+ 48. Ka3 Qa1+ 49. Kb3 Qb2+ 50. Kc4 Qc3+ 51. Kd5 Qxc7 52.
Kxd4 Qb6+ 53. Kc4 h5 54. Kb4 h4 55. Kc4 {Time forfeit} 1-0

[Event "Rated Blitz game"]
[Site "?"]
[Date "2021.10.06"]
[Round "?"]
[White "ARDosina"]
[Black "RCompany_1"]
[Result "1-0"]
[WhiteElo "2505"]
[BlackElo "2453"]
[PlyCount "29"]
[EventDate "2021.??.??"]
[EventType "blitz"]

1. e4 e5 2. Nf3 d5 3. Nxe5 Bd6 4. d4 dxe4 5. Nc4 Be7 6. Nc3 Nf6 7. Be2 O-O 8.
g4 Nc6 9. Be3 Nb4 10. g5 Nfd5 11. h3 Nxc3 12. bxc3 Nd5 13. Qd2 c6 14. h4 Qa5
15. Nxa5 {Normal} 1-0

[Event "Rated Blitz game"]
[Site "?"]
[Date "2021.10.06"]
[Round "?"]
[White "Shurman-kgn"]
[Black "batalla2"]
[Result "1-0"]
[WhiteElo "2473"]
[BlackElo "2476"]
[PlyCount "77"]
[EventDate "2021.??.??"]
[EventType "blitz"]

1. e4 e5 2. Nf3 d5 3. exd5 Bd6 4. d4 e4 5. Ne5 Nf6 6. c4 c5 7. dxc6 Nxc6 8.
Nxc6 bxc6 9. Be3 O-O 10. Be2 Bf5 11. O-O Re8 12. Nc3 Rb8 13. b3 Bc7 14. Na4 Qd6
15. g3 Bh3 16. Re1 Qe6 17. Nc5 Qf5 18. Bf1 Rbd8 19. Bg2 Bxg2 20. Kxg2 Ng4 21.
h3 Nxe3+ 22. fxe3 Bxg3 23. Rf1 Qg5 24. Qg4 Qxg4 25. hxg4 Bd6 26. Nb7 Rd7 27.
Nxd6 Rxd6 28. Rf4 Rde6 29. Raf1 f6 30. Kg3 c5 31. d5 Ra6 32. R1f2 Rd6 33. Rd2
Kf7 34. b4 cxb4 35. c5 Ra6 36. c6 Rd8 37. c7 Rc8 38. d6 Ra3 39. Rxe4 {Normal}
1-0

[Event "Rated Blitz game"]
[Site "?"]
[Date "2021.10.06"]
[Round "?"]
[White "ShahxaibKhan"]
[Black "Annali-annaliew1979"]
[Result "0-1"]
[WhiteElo "2417"]
[BlackElo "2414"]
[PlyCount "50"]
[EventDate "2021.??.??"]
[EventType "blitz"]

1. e4 e5 2. Nf3 d5 3. d4 dxe4 4. Nxe5 Bd6 5. Bc4 Bxe5 6. Qh5 Qe7 7. dxe5 Nc6 8.
Bb5 Bd7 9. Bxc6 Bxc6 10. O-O O-O-O 11. Bg5 f6 12. exf6 Nxf6 13. Qh4 Qe5 14. Nc3
h6 15. Bxf6 gxf6 16. Rae1 f5 17. Ne2 Rhg8 18. c3 Rd2 19. Qxh6 e3 20. f3 Rh8 21.
f4 Qe8 22. Qg5 Kb8 23. Qxf5 a6 24. Nd4 Rxg2+ 25. Kh1 Rhxh2# {Normal} 0-1

[Event "Rated Blitz game"]
[Site "?"]
[Date "2021.10.06"]
[Round "?"]
[White "joeybaluke_14"]
[Black "Annali-annaliew1979"]
[Result "0-1"]
[WhiteElo "2371"]
[BlackElo "2409"]
[PlyCount "70"]
[EventDate "2021.??.??"]
[EventType "blitz"]

1. e4 e5 2. Nf3 d5 3. Nc3 dxe4 4. Nxe4 f5 5. Nc3 e4 6. Ng1 Bc5 7. Bc4 Bxf2+ 8.
Kxf2 Qd4+ 9. Kf1 Qxc4+ 10. Qe2 Qe6 11. d3 Nf6 12. Bg5 Nbd7 13. Re1 O-O 14. Nh3
h6 15. Nf4 Qf7 16. Bxf6 Qxf6 17. g3 Ne5 18. Kg2 Nf3 19. Ref1 Nd4 20. Qf2 b6 21.
Ncd5 Qe5 22. c3 Nf3 23. d4 Qd6 24. Rd1 Bb7 25. Ne3 Rae8 26. h4 b5 27. Rhf1 a6
28. Qc2 Kh7 29. Kh3 g5 30. Nd3 Qd7 31. g4 fxg4+ 32. Nxg4 h5 33. Rxf3 Qxg4+ 34.
Kh2 Rxf3 35. Ne5 Rh3# {Normal} 0-1

[Event "Rated Blitz game"]
[Site "?"]
[Date "2021.10.06"]
[Round "?"]
[White "morenol"]
[Black "ALJHUNTANGzKiE"]
[Result "1-0"]
[WhiteElo "2404"]
[BlackElo "2411"]
[PlyCount "145"]
[EventDate "2021.??.??"]
[EventType "blitz"]

1. e4 e5 2. Nf3 d5 3. exd5 e4 4. Qe2 Nf6 5. Nc3 Be7 6. Nxe4 O-O 7. d3 Qxd5 8.
Nxf6+ Bxf6 9. Qd2 Re8+ 10. Be2 Qe6 11. d4 b6 12. d5 Qe7 13. Qe3 Qd8 14. Qb3 Qe7
15. Be3 a5 16. O-O-O a4 17. Qc4 a3 18. b3 Ba6 19. d6 Bxc4 20. dxe7 Bxe2 21. Rd8
Rxd8 22. exd8=Q+ Bxd8 23. Re1 Bxf3 24. gxf3 Bf6 25. Bxb6 Na6 26. Ba5 Nc5 27.
Bxc7 Bb2+ 28. Kb1 Ne6 29. Be5 Rd8 30. Bxb2 axb2 31. Kxb2 Rd2 32. a4 Rxf2 33. a5
Kf8 34. a6 Nc7 35. a7 Rxf3 36. Re4 Rf6 37. Rc4 Ra6 38. Rxc7 g6 39. Rc8+ Kg7 40.
a8=Q Rxa8 41. Rxa8 f5 42. Kc3 Kf6 43. Kd4 h5 44. Ke3 Kg5 45. Kf3 Kh4 46. Ra4+
Kh3 47. Ra6 g5 48. Rh6 h4 49. Rh5 g4+ 50. Kf4 Kxh2 51. Rxh4+ Kg2 52. Rxg4+ fxg4
53. Kxg4 Kf2 54. Kf4 Ke2 55. Ke4 Kd2 56. Kd4 Kxc2 57. b4 Kb3 58. b5 Kc2 59. b6
Kd2 60. b7 Ke2 61. b8=Q Kf3 62. Qb4 Kg4 63. Qc3 Kf5 64. Qe3 Kf6 65. Qe4 Kf7 66.
Qe5 Kf8 67. Kd5 Kf7 68. Qe6+ Kf8 69. Ke5 Kg7 70. Kf5 Kf8 71. Qd7 Kg8 72. Kg6
Kf8 73. Qf7# {Normal} 1-0

[Event "Rated Blitz game"]
[Site "?"]
[Date "2021.10.06"]
[Round "?"]
[White "vascodiogo17"]
[Black "RCompany_1"]
[Result "1-0"]
[WhiteElo "2473"]
[BlackElo "2460"]
[PlyCount "103"]
[EventDate "2021.??.??"]
[EventType "blitz"]

1. e4 e5 2. Nf3 d5 3. d3 Nc6 4. Nc3 Nf6 5. Be2 Bc5 6. O-O O-O 7. Bg5 d4 8. Nd5
Be7 9. Nxe7+ Qxe7 10. c3 Rd8 11. Qc2 h6 12. Bh4 g5 13. Bg3 Bg4 14. Rac1 Rac8
15. Qa4 a6 16. Qb3 Bxf3 17. Bxf3 dxc3 18. Rxc3 Nd4 19. Qd1 c5 20. Re1 b5 21. h4
Kg7 22. Bg4 Nxg4 23. Qxg4 f6 24. h5 Qd7 25. f3 Qxg4 26. fxg4 Ne6 27. Bf2 Rd6
28. a3 Rcd8 29. Bxc5 Nxc5 30. Rxc5 Rxd3 31. Rc7+ R8d7 32. Rec1 Kf7 33. R1c6 Ke7
34. Rxd7+ Rxd7 35. Rxa6 Rd2 36. b4 Rd4 37. Rb6 Rxe4 38. Rxb5 Rxg4 39. a4 Rc4
40. a5 Rc1+ 41. Kf2 Ra1 42. Ke3 Ke6 43. g4 f5 44. Rb6+ Kd5 45. gxf5 Ra3+ 46.
Kd2 e4 47. f6 Rf3 48. a6 Kd4 49. Rd6+ Kc4 50. a7 Ra3 51. f7 Ra2+ 52. Ke3 {
Normal} 1-0

[Event "Rated Blitz game"]
[Site "?"]
[Date "2021.10.06"]
[Round "?"]
[White "Kmir"]
[Black "Sdjordje12345_s"]
[Result "1-0"]
[WhiteElo "2496"]
[BlackElo "2351"]
[PlyCount "53"]
[EventDate "2021.??.??"]
[EventType "blitz"]

1. e4 e5 2. Nf3 d5 3. exd5 e4 4. Nd4 Nf6 5. Nc3 c6 6. d3 cxd5 7. dxe4 dxe4 8.
Be3 Bd6 9. Bb5+ Nbd7 10. Nf5 Bf8 11. Nd6+ Bxd6 12. Qxd6 Qe7 13. O-O-O Qxd6 14.
Rxd6 Ke7 15. Rdd1 a6 16. Bxd7 Bxd7 17. Bc5+ Ke6 18. h3 Bc6 19. Be3 Rhd8 20. g4
Rxd1+ 21. Rxd1 Ke5 22. Rd4 h6 23. Rd1 Re8 24. Bd4+ Kf4 25. Be3+ Kf3 26. Rg1 Nd5
27. Rg3# {Normal} 1-0

[Event "Rated Blitz game"]
[Site "?"]
[Date "2021.10.06"]
[Round "?"]
[White "IndioBrasileiro"]
[Black "alaeldin12"]
[Result "0-1"]
[WhiteElo "2427"]
[BlackElo "2330"]
[PlyCount "48"]
[EventDate "2021.??.??"]
[EventType "blitz"]

1. e4 e5 2. Nf3 d5 3. Nxe5 Bd6 4. d4 dxe4 5. Nc3 Nf6 6. Bc4 Bxe5 7. dxe5 Qxd1+
8. Nxd1 Ng4 9. Bf4 Nc6 10. Bb5 Bd7 11. Bxc6 Bxc6 12. h3 g5 13. Bg3 Nh6 14. Ne3
O-O-O 15. Rd1 Rxd1+ 16. Kxd1 Bb5 17. c4 Bc6 18. Kc2 Rd8 19. Rd1 Ng8 20. Nd5
Bxd5 21. cxd5 Ne7 22. d6 Nf5 23. Bh2 e3 24. Rd3 exf2 {Normal} 0-1

[Event "Rated Blitz game"]
[Site "?"]
[Date "2021.10.06"]
[Round "?"]
[White "izel2"]
[Black "RCompany_1"]
[Result "0-1"]
[WhiteElo "2549"]
[BlackElo "2470"]
[PlyCount "42"]
[EventDate "2021.??.??"]
[EventType "blitz"]

1. e4 e5 2. Nf3 d5 3. exd5 e4 4. Qe2 Nf6 5. d3 Qxd5 6. Nc3 Bb4 7. Bd2 Bxc3 8.
Bxc3 O-O 9. dxe4 Nxe4 10. Rd1 Qf5 11. Nd4 Qg6 12. f3 Nxc3 13. bxc3 c5 14. Nb3
Bf5 15. Nxc5 Nc6 16. Kf2 Rfe8 17. Qd2 Bxc2 18. Rc1 Bf5 19. Bd3 Rad8 20. Qc2
Bxd3 21. Nxd3 Qxd3 {Normal} 0-1

[Event "Rated Blitz game"]
[Site "?"]
[Date "2021.10.06"]
[Round "?"]
[White "Itibster"]
[Black "Almalik25"]
[Result "1-0"]
[WhiteElo "2406"]
[BlackElo "2358"]
[PlyCount "81"]
[EventDate "2021.??.??"]
[EventType "blitz"]

1. e4 e5 2. Nf3 d5 3. d4 Nf6 4. Nxe5 Bd6 5. exd5 O-O 6. Be2 Re8 7. f4 c5 8. O-O
cxd4 9. Qxd4 Nbd7 10. Nxd7 Nxd7 11. Qd1 Qe7 12. Bf3 Nf6 13. Nc3 Bf5 14. Bd2 a6
15. Re1 Qc7 16. g3 Bh3 17. Bg2 Qb6+ 18. Kh1 Ng4 19. Be3 Rxe3 20. Bxh3 Nf2+ 21.
Kg2 Nxd1 22. Raxd1 Rxe1 23. Rxe1 Qxb2 24. Ne4 Qxc2+ 25. Kf3 Bb4 26. Re2 Qd3+
27. Re3 Qd1+ 28. Kf2 Qxd5 29. Bg2 Qxa2+ 30. Re2 Qa1 31. Ng5 Bc5+ 32. Kf3 Qc3+
33. Kg4 Qd3 34. Bf1 h5+ 35. Kxh5 Qf5 36. Bh3 g6+ 37. Kh4 Qd3 38. Bg4 Kg7 39.
Kh3 Rh8+ 40. Kg2 Qb1 41. Nf3 {Time forfeit} 1-0

[Event "Titled Tuesday 5th Oct"]
[Site "chess.com INT"]
[Date "2021.10.05"]
[Round "8"]
[White "Pasti, Aron"]
[Black "Kovacevic, Radmila"]
[Result "1-0"]
[WhiteElo "2253"]
[BlackElo "2104"]
[PlyCount "141"]
[EventDate "2021.10.05"]
[SourceTitle "The Week in Chess 1405"]
[Source "Mark Crowther"]
[SourceDate "2021.10.11"]
[SourceVersion "1"]
[SourceVersionDate "2021.10.11"]
[SourceQuality "2"]

1. e4 e5 2. Nf3 d5 3. Nxe5 Bd6 4. d4 dxe4 5. Bf4 Nf6 6. Nc3 O-O 7. Be2 a6 8. g4
Nc6 9. g5 Bxe5 10. dxe5 Nd7 11. Nxe4 Ndxe5 12. Qxd8 Rxd8 13. O-O Bf5 14. f3 Rd5
15. c4 Bxe4 16. cxd5 Bxd5 17. Rfd1 Nxf3+ 18. Bxf3 Bxf3 19. Rd7 Re8 20. Kf2 Bg4
21. Rxc7 Bc8 22. Re1 Rd8 23. Re2 g6 24. Be5 Bg4 25. Bf6 Rb8 26. Rc2 Be6 27. b3
h6 28. a3 hxg5 29. b4 g4 30. a4 Bf5 31. Rc4 Kh7 32. b5 axb5 33. axb5 Nd8 34.
Bxd8 Rxd8 35. Rxf7+ Kh6 36. Rxb7 Rd2+ 37. Kg3 Rd3+ 38. Kf4 Rf3+ 39. Ke5 Kg5 40.
Rcc7 Re3+ 41. Kd6 Rd3+ 42. Kc5 Rc3+ 43. Kb4 Rh3 44. Rh7 Rf3 45. b6 Rf2 46. Rb8
Rb2+ 47. Kc3 Rb1 48. Kd4 Kf4 49. b7 Rd1+ 50. Kc3 Rc1+ 51. Kd2 Rc2+ 52. Kd1 Rb2
53. Rf8 g3 54. hxg3+ Kxg3 55. b8=Q+ Rxb8 56. Rxb8 Kf4 57. Rf7 Kg5 58. Rxf5+
gxf5 59. Ke2 Kf4 60. Kf2 Ke4 61. Rb4+ Ke5 62. Kf3 Kd5 63. Kf4 Kc5 64. Rb1 Kd4
65. Kxf5 Kd3 66. Rh1 Ke2 67. Kf4 Kf2 68. Rh2+ Kg1 69. Ra2 Kf1 70. Ke3 Ke1 71.
Ra1# 1-0

[Event "Titled Tuesday 5th Oct"]
[Site "chess.com INT"]
[Date "2021.10.05"]
[Round "6"]
[White "Seifert, H."]
[Black "Kovacevic, Radmila"]
[Result "0-1"]
[WhiteElo "2148"]
[BlackElo "2104"]
[PlyCount "92"]
[EventDate "2021.10.05"]
[SourceTitle "The Week in Chess 1405"]
[Source "Mark Crowther"]
[SourceDate "2021.10.11"]
[SourceVersion "1"]
[SourceVersionDate "2021.10.11"]
[SourceQuality "2"]

1. e4 e5 2. Nf3 d5 3. d4 dxe4 4. Nxe5 Bd6 5. Nc4 Nf6 6. Be2 O-O 7. O-O Re8 8.
c3 c6 9. Bg5 Bc7 10. a4 h6 11. Bh4 Bf5 12. Bg3 Bxg3 13. hxg3 Na6 14. Re1 Nc7
15. Ne3 Bg6 16. Nd2 Nfd5 17. Ndf1 Rc8 18. Qb3 b6 19. a5 bxa5 20. Rxa5 Nxe3 21.
Nxe3 Nd5 22. Rxa7 Nxe3 23. fxe3 Qd6 24. Bc4 Rf8 25. Kh2 h5 26. Rf1 Rc7 27. Ra5
h4 28. Rf4 hxg3+ 29. Kxg3 Re8 30. Qa3 Qd7 31. b4 Qd6 32. Rg5 Kf8 33. Qa5 Ke7
34. Qc5 Qxc5 35. Rxc5 f6 36. b5 Rec8 37. b6 Rd7 38. Rg4 Bf5 39. Rxg7+ Kd6 40.
Rxd7+ Bxd7 41. b7 Rb8 42. Ba6 Kc7 43. c4 Kb6 44. Bb5 cxb5 45. cxb5 Rxb7 46. Kf4
Bxb5 0-1

[Event "Titled Tuesday 5th Oct"]
[Site "chess.com INT"]
[Date "2021.10.05"]
[Round "4"]
[White "Vidruska, Renate"]
[Black "Kovacevic, Radmila"]
[Result "0-1"]
[WhiteElo "2000"]
[BlackElo "2104"]
[PlyCount "46"]
[EventDate "2021.10.05"]
[SourceTitle "The Week in Chess 1405"]
[Source "Mark Crowther"]
[SourceDate "2021.10.11"]
[SourceVersion "1"]
[SourceVersionDate "2021.10.11"]
[SourceQuality "2"]

1. e4 e5 2. Nf3 d5 3. Nxe5 Bd6 4. d4 dxe4 5. Nc4 Be7 6. Ne3 Nf6 7. c3 O-O 8.
Be2 c6 9. O-O Nd5 10. Re1 f5 11. Nc2 f4 12. c4 Nc7 13. Bg4 f3 14. gxf3 exf3 15.
Bxf3 Bg5 16. Bg2 Bxc1 17. Qxc1 Ne6 18. Qe3 Nf4 19. Nc3 Bd7 20. Qg3 Na6 21. a3
Nc7 22. Re3 Nce6 23. Rae1 Rf6 0-1

[Event "Titled Tuesday 5th Oct"]
[Site "chess.com INT"]
[Date "2021.10.05"]
[Round "2"]
[White "Manukian, Ar"]
[Black "Skatchkov, Valery"]
[Result "0-1"]
[WhiteElo "2196"]
[BlackElo "2281"]
[PlyCount "48"]
[EventDate "2021.10.05"]
[SourceTitle "The Week in Chess 1405"]
[Source "Mark Crowther"]
[SourceDate "2021.10.11"]
[SourceVersion "1"]
[SourceVersionDate "2021.10.11"]
[SourceQuality "2"]

1. e4 e5 2. Nf3 d5 3. Nxe5 Bd6 4. d4 dxe4 5. Nc4 Nc6 6. Nxd6+ Qxd6 7. c3 Nge7
8. Qh5 O-O 9. g3 Bf5 10. Bf4 Qe6 11. Qe2 Bg4 12. Qc4 Nd5 13. Bc1 Bf3 14. Rg1
Rad8 15. Nd2 Bh5 16. Nb3 Rfe8 17. Nc5 Qc8 18. b4 e3 19. f4 Ndxb4 20. cxb4 Nxd4
21. Bg2 Qg4 22. Bb2 Nf3+ 23. Bxf3 Qxf3 24. Qf1 Qd1+ 0-1

[Event "Titled Tuesday 5th Oct"]
[Site "chess.com INT"]
[Date "2021.10.05"]
[Round "2"]
[White "Przybylski, W."]
[Black "Kovacevic, Radmila"]
[Result "1-0"]
[WhiteElo "2321"]
[BlackElo "2104"]
[PlyCount "201"]
[EventDate "2021.10.05"]
[SourceTitle "The Week in Chess 1405"]
[Source "Mark Crowther"]
[SourceDate "2021.10.11"]
[SourceVersion "1"]
[SourceVersionDate "2021.10.11"]
[SourceQuality "2"]

1. e4 e5 2. Nf3 d5 3. Nxe5 Bd6 4. d4 dxe4 5. Nc3 Bxe5 6. dxe5 Qxd1+ 7. Kxd1 Nc6
8. Bf4 Bf5 9. Bb5 O-O-O+ 10. Kc1 Nd4 11. Bc4 Rd7 12. Re1 e3 13. e6 fxe6 14.
Rxe3 Nxc2 15. Bxe6 Bxe6 16. Kxc2 Bf5+ 17. Kb3 Nf6 18. Rc1 c6 19. f3 Nd5 20.
Nxd5 Rxd5 21. Re7 Rd7 22. Rxd7 Bxd7 23. Be5 Re8 24. Bxg7 Rg8 25. Bd4 Rxg2 26.
Bxa7 Be6+ 27. Ka3 Rxh2 28. Re1 Kd7 29. Rg1 Rh3 30. Rg7+ Kd6 31. Rxb7 Rxf3+ 32.
b3 Rh3 33. Bb8+ Kc5 34. Rb4 Bd5 35. Rf4 Kb6 36. Bd6 h5 37. Kb4 Rh2 38. Bc5+ Ka6
39. Ka3 Rc2 40. Bf2 c5 41. Rf5 Kb5 42. Rxd5 Rxf2 43. Rxh5 Re2 44. Rh8 Rf2 45.
Rb8+ Ka5 46. Ra8+ Kb5 47. Rb8+ Ka5 48. Rc8 Kb5 49. Rc7 Rc2 50. Rc8 Ka5 51. Ra8+
Kb5 52. Ra7 Kb6 53. Ra8 Kb5 54. Rb8+ Ka5 55. Rb7 Ka6 56. Rg7 Ka5 57. Rg5 Kb5
58. Rh5 Ka5 59. Rh4 Kb5 60. Rh1 Ka5 61. Rb1 Kb5 62. Rb2 Rc3 63. Rd2 c4 64. Rd5+
Kc6 65. Kb4 Rc2 66. Rc5+ Kb6 67. Rb5+ Kc6 68. Rc5+ Kb6 69. Rxc4 Rxa2 70. Rg4
Rc2 71. Rg6+ Kb7 72. Rh6 Rg2 73. Ka5 Rg5+ 74. Ka4 Rg1 75. Rh5 Ra1+ 76. Kb5 Rb1
77. Rh7+ Kc8 78. b4 Rg1 79. Ka6 Rg6+ 80. Ka5 Kb8 81. b5 Ka8 82. Rf7 Kb8 83.
Rf8+ Kb7 84. Rf7+ Kb8 85. Re7 Ka8 86. Rc7 Kb8 87. Rc5 Kb7 88. Rh5 Rf6 89. Rg5
Ka7 90. Rg7+ Kb8 91. Re7 Ka8 92. Rh7 Kb8 93. Kb4 Ka8 94. Rd7 Kb8 95. Kc5 Kc8
96. Re7 Kb8 97. Rd7 Kc8 98. Rd5 Kb8 99. Rd6 Rf5+ 100. Kb6 Rf7 101. Rd8# 1-0

[Event "Rated Blitz game"]
[Site "?"]
[Date "2021.10.05"]
[Round "?"]
[White "connorjohn"]
[Black "zavareh"]
[Result "1-0"]
[WhiteElo "2409"]
[BlackElo "2285"]
[PlyCount "23"]
[EventDate "2021.??.??"]
[EventType "blitz"]

1. e4 e5 2. Nf3 d5 3. Nc3 d4 4. Ne2 Bd6 5. Ng3 c5 6. Bc4 Ne7 7. Ng5 O-O 8. Qh5
h6 9. Nxf7 Rxf7 10. Qxf7+ Kh7 11. Nh5 Qh8 12. Nf6# {Normal} 1-0

[Event "Rated Blitz game"]
[Site "?"]
[Date "2021.10.05"]
[Round "?"]
[White "KrokerMan"]
[Black "Maltinho"]
[Result "0-1"]
[WhiteElo "2503"]
[BlackElo "2542"]
[PlyCount "132"]
[EventDate "2021.??.??"]
[EventType "blitz"]

1. e4 e5 2. Nf3 d5 3. exd5 Bd6 4. Nc3 Nf6 5. Bc4 e4 6. Nd4 O-O 7. h3 a6 8. a4
Qe7 9. Qe2 Qe5 10. Nb3 Bf5 11. d4 exd3 12. Qxe5 Bxe5 13. Bxd3 Bxd3 14. cxd3
Nbd7 15. d4 Bd6 16. a5 Rfe8+ 17. Be3 Bb4 18. Rc1 Nxd5 19. Kd2 N7f6 20. Kd3 c6
21. g4 h6 22. Rhg1 Re6 23. g5 hxg5 24. Rxg5 Rae8 25. Rcg1 g6 26. R5g3 Bxc3 27.
bxc3 Ne4 28. Nc5 Nxg3 29. Nxe6 Nf5 30. Nc5 Nfxe3 31. fxe3 Rxe3+ 32. Kd2 Rxc3
33. Rb1 Rxh3 34. Rxb7 Ra3 35. Nb3 Ra2+ 36. Kd3 g5 37. Kc4 g4 38. Rb8+ Kg7 39.
Re8 g3 40. Re1 g2 41. Nc1 Nf4 42. Nd3 Rc2+ 43. Kb3 Nxd3 44. Rg1 Rd2 45. d5 cxd5
46. Kc3 Rf2 47. Kxd3 f5 48. Rf1 gxf1=Q+ 49. Kd4 Qe1 50. Kc5 Qe3+ 51. Kd6 Qd3
52. Kc7 Qe4 53. Kd6 Qe6+ 54. Kxe6 Re2+ 55. Kd6 Rf2 56. Kxd5 Re2 57. Kc5 Re3 58.
Kb6 Re2 59. Kc7 Rd2 60. Kc6 Rc2+ 61. Kb7 Rb2+ 62. Kc7 Ra2 63. Kd6 Rxa5 64. Kc7
Rb5 65. Kd8 Rb6 66. Kc8 Rc6+ {Time forfeit} 0-1